000 00765nam a22002057a 4500
005 20120208154611.0
020 _a8120324668
_c275.00
035 _aB-106694
037 _bDPL
082 _a005.13
100 _aFriedman, Daniel P.
245 _aEssentials of programming languages /
_cDaniel P. Friedman, Mitchell Wand
260 _aNew Delhi
_bPHI Learning
_c2001
270 _aM97, Connaught Circus
_bNew Delhi
_e110092
300 _axv, 389p.
_c24cm
500 _aIncludes bibliographical references and index
700 _a Wand, Mitchell
_91009
942 _2ddc
_cEN
_h005.13
_mFRI
999 _c62321
_d62321